INDUSTRIAL RELATIONS AND LABOUR LAW (Record no. 15314)

MARC details
000 -LEADER
fixed length control field 00285nam a22001337a 4500
003 - CONTROL NUMBER IDENTIFIER
control field SGT
082 ## - DEWEY DECIMAL CLASSIFICATION NUMBER
Classification number 344
Item number MON
100 ## - MAIN ENTRY--PERSONAL NAME
Personal name MONAPPA, ARUN
245 ## - TITLE STATEMENT
Title INDUSTRIAL RELATIONS AND LABOUR LAW
250 ## - EDITION STATEMENT
Edition statement 2ND
260 ## - PUBLICATION, DISTRIBUTION, ETC. (IMPRINT)
Name of publisher, distributor, etc TATA MCGRAW HILL
Year of Publication 2016
300 ## - PAGE DESCRIPTION
No. of Pages 335
942 ## - ADDED ENTRY ELEMENTS (KOHA)
Source of classification or shelving scheme Dewey Decimal Classification
Koha item type Books
942 ## - ADDED ENTRY ELEMENTS (KOHA)
-- 16
Holdings
Withdrawn status Lost status Source of classification or shelving scheme Damaged status Not for loan Collection code Home library Current library Shelving location Date acquired Vendor Name Cost, normal purchase price SGTU Bill Number Total Checkouts Full call number Accession No. (Barcode) Date last seen Date last borrowed Bill Date Koha item type
    Dewey Decimal Classification     COMMERCE MANAGEMENT SGT Science & Social Sciences Library SGT Science & Social Sciences Library Text Book 15/03/2018 UDH PUB. & DISTRIBUTORS 650.00 SGTU 2214 4 344 MON CM4121 28/11/2024 25/11/2024   Books
    Dewey Decimal Classification     COMMERCE MANAGEMENT SGT Science & Social Sciences Library SGT Science & Social Sciences Library Text Book 15/03/2018 UDH PUB. & DISTRIBUTORS 650.00 SGTU 2214 7 344 MON CM4122 07/03/2025 17/02/2025   Books
    Dewey Decimal Classification     COMMERCE MANAGEMENT SGT Science & Social Sciences Library SGT Science & Social Sciences Library Text Book 15/03/2018 UDH PUB. & DISTRIBUTORS 650.00 SGTU 2214 3 344 MON CM4123 13/10/2025 24/09/2025   Books
    Dewey Decimal Classification     COMMERCE MANAGEMENT SGT Science & Social Sciences Library SGT Science & Social Sciences Library Text Book 15/03/2018 UDH PUB. & DISTRIBUTORS 650.00 SGTU 2214 4 344 MON CM4124 03/07/2024 03/07/2024   Books
    Dewey Decimal Classification     COMMERCE MANAGEMENT SGT Science & Social Sciences Library SGT Science & Social Sciences Library Text Book 15/03/2018 UDH PUB. & DISTRIBUTORS 650.00 SGTU 2214 5 344 MON CM4125 25/11/2024 11/11/2024   Books